[Event "Medellin Easter op 11th"]
[Site "Medellin"]
[Date "2023.04.08"]
[Round "5"]
[White "Vasco Alvarez, Diego Alejandro"]
[Black "Tangarife Garcia, Wilson"]
[Result "0-1"]
[WhiteElo "1600"]
[BlackElo "1743"]
[PlyCount "35"]
[EventDate "2023.04.05"]
[EventType "swiss"]
[EventRounds "7"]
[EventCountry "COL"]
[SourceTitle "CBM 213 Extra"]
[Source "ChessBase"]
[SourceDate "2023.05.31"]
[SourceVersion "1"]
[SourceVersionDate "2023.05.31"]
[SourceQuality "1"]

1. e4 c5 2. Nf3 e6 3. d4 cxd4 4. Nxd4 a6 5. c4 Qc7 6. Nc3 Nc6 7. Be3 Nf6 8. a3 Be7 9. Nxc6 bxc6 10. c5 a5 11. f4 e5 12. fxe5 Qxe5 13. Qd4 d6 14. Qxe5 dxe5 15. Bc4 Ba6 16. Bxa6 Rxa6 17. Rf1 a4 18. Nxa4 0-1

[Event "Medellin Easter op"]
[Site "Medellin"]
[Date "2015.??.??"]
[Round "5"]
[White "Hernandez, Elvert"]
[Black "Tangarife Garcia, Wilson"]
[Result "1-0"]
[WhiteElo "2028"]
[BlackElo "1715"]
[PlyCount "55"]
[EventDate "2015.04.01"]
[EventType "swiss"]
[EventRounds "9"]
[EventCountry "COL"]
[SourceTitle "CBM 165 Extra"]
[Source "ChessBase"]
[SourceDate "2015.04.21"]
[SourceVersion "1"]
[SourceVersionDate "2015.04.21"]
[SourceQuality "1"]

1. e4 c5 2. Nf3 e6 3. d4 cxd4 4. Nxd4 Nc6 5. Nxc6 bxc6 6. c4 d6 7. Nc3 Nf6 8. Bg5 Be7 9. Qd2 h6 10. Bh4 0-0 11. Bd3 Ng4 12. Bxe7 Qxe7 13. Be2 Nf6 14. 0-0 e5 15. Rad1 Ne8 16. f4 f5 17. Bh5 Nf6 18. Bg6 fxe4 19. Qxd6 Qxd6 20. Rxd6 Ng4 21. fxe5 Nxe5 22. Bh7+ Kxh7 23. Rxf8 Bb7 24. Rxa8 Bxa8 25. Nxe4 c5 26. Nd2 Ng4 27. Rd8 Bc6 28. Rc8 1-0

[Event "Medellin Easter op"]
[Site "Medellin"]
[Date "2015.??.??"]
[Round "4"]
[White "Tangarife Garcia, Wilson"]
[Black "Chirivi Castiblanco, Angie Lizeth"]
[Result "0-1"]
[WhiteElo "1715"]
[BlackElo "2042"]
[PlyCount "84"]
[EventDate "2015.04.01"]
[EventType "swiss"]
[EventRounds "9"]
[EventCountry "COL"]
[SourceTitle "CBM 165 Extra"]
[Source "ChessBase"]
[SourceDate "2015.04.21"]
[SourceVersion "1"]
[SourceVersionDate "2015.04.21"]
[SourceQuality "1"]

1. d4 Nf6 2. c4 g6 3. Nc3 d5 4. Nf3 Bg7 5. e3 0-0 6. cxd5 Nxd5 7. Be2 c5 8. Qb3 Nxc3 9. bxc3 Nc6 10. 0-0 e5 11. Ba3 e4 12. Nd2 Re8 13. Bxc5 Qg5 14. Kh1 b6 15. Bd6 Na5 16. Qc2 Bb7 17. Bf4 Qe7 18. Rab1 h5 19. h3 Rac8 20. Rfc1 Rcd8 21. c4 Ba6 22. Nb3 Nc6 23. c5 Nb4 24. Qd2 Nd3 25. Bxd3 Bxd3 26. Rb2 g5 27. Bh2 g4 28. cxb6 gxh3 29. gxh3 axb6 30. Rc7 Qh4 31. Nc1 Bf1 32. Qe1 Qxh3 33. f4 exf3 34. Qg3 Bg2+ 35. Kg1 Qxg3 36. Bxg3 Rxd4 37. Rxg2 Rd1+ 38. Kf2 fxg2 39. Kxg2 Rxe3 40. Nb3 Rc3 41. Rb7 Rc2+ 42. Kf3 Rd3+ 0-1

[Event "Medellin Flores op 20th"]
[Site "Medellin"]
[Date "2014.08.10"]
[Round "8"]
[White "Cardona, Jeyson"]
[Black "Tangarife Garcia, Wilson"]
[Result "1/2-1/2"]
[WhiteElo "2039"]
[BlackElo "1681"]
[PlyCount "38"]
[EventDate "2014.08.06"]
[EventType "swiss"]
[EventRounds "9"]
[EventCountry "COL"]
[SourceTitle "CBM 162 Extra"]
[Source "ChessBase"]
[SourceDate "2014.10.17"]
[SourceVersion "1"]
[SourceVersionDate "2014.10.17"]
[SourceQuality "1"]

1. d4 d5 2. Nf3 c6 3. Bf4 Nf6 4. c4 e6 5. e3 Be7 6. Nc3 Nbd7 7. cxd5 exd5 8. Ne5 0-0 9. Nxd7 Bxd7 10. Qb3 b6 11. Bd3 Rc8 12. 0-0 c5 13. Nxd5 Nxd5 14. Qxd5 Bc6 15. Qxd8 Rfxd8 16. dxc5 Bxc5 17. Rfd1 g6 18. Bc4 Rxd1+ 19. Rxd1 a5 1/2-1/2

[Event "Medellin Flores op 20th"]
[Site "Medellin"]
[Date "2014.08.08"]
[Round "5"]
[White "Corredor Sanchez, Fabian Ricardo"]
[Black "Tangarife Garcia, Wilson"]
[Result "1-0"]
[WhiteElo "2059"]
[BlackElo "1681"]
[PlyCount "47"]
[EventDate "2014.08.06"]
[EventType "swiss"]
[EventRounds "9"]
[EventCountry "COL"]
[SourceTitle "CBM 162 Extra"]
[Source "ChessBase"]
[SourceDate "2014.10.17"]
[SourceVersion "1"]
[SourceVersionDate "2014.10.17"]
[SourceQuality "1"]

1. e4 c5 2. Nf3 Nc6 3. d4 cxd4 4. Nxd4 e6 5. g3 g6 6. Bg2 Bg7 7. Nb5 Qa5+ 8. N1c3 Be5 9. 0-0 Qb4 10. a3 Qe7 11. f4 Bb8 12. e5 Qc5+ 13. Kh1 Nge7 14. Qe2 Nf5 15. Ne4 Ncd4 16. Nf6+ Ke7 17. Nxd4 Qxd4 18. c3 Qa4 19. g4 Nh4 20. Be4 d5 21. Bc2 Qc6 22. Qf2 g5 23. fxg5 Ng6 24. Ng8+ 1-0

[Event "Medellin Semana Santa op"]
[Site "Medellin"]
[Date "2013.03.30"]
[Round "6"]
[White "Tangarife Garcia, Wilson"]
[Black "Ojeda, Jesus David"]
[Result "0-1"]
[WhiteElo "1681"]
[BlackElo "2087"]
[PlyCount "70"]
[EventDate "2013.03.27"]
[EventType "swiss"]
[EventRounds "7"]
[EventCountry "COL"]
[SourceTitle "CBM 153 Extra"]
[Source "ChessBase"]
[SourceDate "2013.04.22"]
[SourceVersion "1"]
[SourceVersionDate "2013.04.22"]
[SourceQuality "1"]

1. d4 f5 2. f4 c5 3. Nf3 Nf6 4. g3 b6 5. c3 Bb7 6. Bg2 g6 7. 0-0 Bg7 8. Qb3 Bd5 9. c4 Be4 10. d5 e6 11. dxe6 dxe6 12. Ng5 Bxg2 13. Nxe6 Qe7 14. Nxg7+ Kf7 15. Nxf5 gxf5 16. Kxg2 Nc6 17. Qe3 Qb7 18. Qf3 Rae8 19. Nc3 h5 20. Nb5 Re6 21. Rd1 Qe7 22. e3 h4 23. Nc3 hxg3 24. h3 Qf8 25. Bd2 Ne7 26. Be1 Qh6 27. h4 Qxh4 28. Bxg3 Qh3+ 29. Kg1 Rg8 30. Ne2 Ne4 31. Qg2 Qxg2+ 32. Kxg2 Nxg3 33. Nxg3 Rxe3 34. Rd7 Rexg3+ 35. Kf2 Rg2+ 0-1

[Event "Medellin Amateur op"]
[Site "Medellin"]
[Date "2011.04.22"]
[Round "5.11"]
[White "Pinzon, Edgar Andres"]
[Black "Tangarife Garcia, Wilson"]
[Result "1-0"]
[WhiteElo "1785"]
[BlackElo "1615"]
[PlyCount "75"]
[EventDate "2011.04.20"]
[EventType "swiss"]
[EventRounds "9"]
[EventCountry "COL"]
[SourceTitle "EXT 2024"]
[Source "ChessBase"]
[SourceDate "2023.10.10"]
[SourceVersion "1"]
[SourceVersionDate "2023.10.10"]
[SourceQuality "1"]

1. d4 d5 2. c4 c6 3. Nc3 Nf6 4. Nf3 e6 5. Bg5 Be7 6. e3 Nbd7 7. Bd3 h6 8. Bxf6 Nxf6 9. 0-0 0-0 10. Qe2 Re8 11. e4 dxe4 12. Nxe4 Nxe4 13. Qxe4 f5 14. Qe2 c5 15. Rad1 cxd4 16. Bb1 Bf6 17. Ne5 Qd6 18. f4 b6 19. Rf3 Bb7 20. Rfd3 Qc5 21. Nd7 Qc6 22. Nxf6+ gxf6 23. Rg3+ Kf8 24. Qh5 Re7 25. Qxh6+ Ke8 26. Rxd4 Rf7 27. Kf1 e5 28. fxe5 fxe5 29. Qh8+ Ke7 30. Qxe5+ Qe6 31. Qf4 Be4 32. Qh4+ Ke8 33. Bxe4 fxe4+ 34. Ke2 Qf5 35. Rg8+ Rf8 36. Rxe4+ Kd7 37. Qe7+ Kc6 38. Re6+ 1-0